| 000 | 00653nam a2200205 u 4500 | ||
|---|---|---|---|
| 005 | 20240314063639.0 | ||
| 008 | 090608s2002 ag r 000 0 spa d | ||
| 020 | _a9500826720 | ||
| 035 | _aUPN01000171055 | ||
| 049 | _aI | ||
| 050 | 4 |
_aPZ7 _bO8.5 |
|
| 100 | 1 |
_aOsborne, Mary Pope, _d1949- _930385 |
|
| 245 | 1 | 3 |
_aUna momia al amanecer / _cMary Pope Osborne ; il. Sall Murdocca ; tr. Marcela Brovelli, |
| 260 |
_aBuenos Aires : _bAtlántida, _c2002. |
||
| 300 |
_a65 p. : _bil. |
||
| 440 | 3 |
_aLa casa del árbol ; _v3 |
|
| 534 |
_pTítulo original: _tMummies in the morning |
||
| 650 | 4 |
_aCuentos infantiles estadounidenses _910762 |
|
| 905 | _aLibro | ||
| 999 |
_c143160 _d143160 |
||